[Event "Biel HTO 57th"]
[Site "Biel"]
[Date "2024.07.17"]
[Round "3"]
[White "Sukandar, Irine Kharisma"]
[Black "Koustav, Chatterjee"]
[Result "0-1"]
[WhiteElo "2338"]
[BlackElo "2525"]
[PlyCount "108"]
[EventDate "2024.07.15"]
[EventType "swiss"]
[EventRounds "10"]
[EventCountry "SUI"]
[SourceTitle "CBM 221"]
[Source "ChessBase"]
[SourceDate "2024.08.31"]
[SourceVersion "1"]
[SourceVersionDate "2024.08.31"]
[SourceQuality "1"]

1. e4 e5 2. Nf3 Nc6 3. Bc4 Nf6 4. d3 Bc5 5. 0-0 d6 6. a4 a5 7. Be3 Bxe3 8. fxe3 0-0 9. Nbd2 Ne7 10. Nh4 c6 11. Qe1 d5 12. Bb3 Be6 13. Qg3 Nd7 14. Rf2 f6 15. Raf1 Kh8 16. d4 Qb8 17. exd5 cxd5 18. Ne4 Ra6 19. Nc3 g5 20. Nf5 Bxf5 21. Rxf5 Nxf5 22. Rxf5 exd4 23. exd4 Qxg3 24. hxg3 Nb6 25. Nxd5 Nxd5 26. Bxd5 Rd6 27. c3 b6 28. Bc4 Kg7 29. Kf2 h5 30. Be2 Kh6 31. Ke3 Re8+ 32. Kd2 Re7 33. Rf1 g4 34. Bd3 Rde6 35. Rf5 Re3 36. Rxf6+ Kg7 37. Rg6+ Kf7 38. Rxb6 Rxg3 39. Bc4+ Kg7 40. Bd5 h4 41. Rb8 Rd7 42. Be4 Rf7 43. d5 Re7 44. d6 Rxe4 45. d7 Rxg2+ 46. Kd1 Rg1+ 47. Kd2 Ree1 48. Rg8+ Kf7 49. Rf8+ Ke6 50. Re8+ Kxd7 51. Rxe1 Rg2+ 52. Ke3 h3 53. Kf4 h2 54. Rh1 g3 0-1

[Event "Biel Rapid op 57th"]
[Site "Biel"]
[Date "2024.07.14"]
[Round "1"]
[White "Spagnoli, Benjamin"]
[Black "Sukandar, Irine Kharisma"]
[Result "0-1"]
[WhiteElo "1847"]
[BlackElo "2338"]
[PlyCount "84"]
[EventDate "2024.07.14"]
[EventType "swiss (rapid)"]
[EventRounds "9"]
[EventCountry "SUI"]
[SourceTitle "EXT 2025"]
[Source "ChessBase"]
[SourceDate "2024.10.14"]
[SourceVersion "1"]
[SourceVersionDate "2024.10.14"]
[SourceQuality "1"]

1. d4 Nf6 2. Nc3 d5 3. Bf4 c6 4. e3 Bf5 5. f3 e6 6. g4 Bg6 7. h4 h5 8. g5 Ng8 9. Bd3 Bxd3 10. Qxd3 Bd6 11. Nge2 Ne7 12. 0-0-0 Na6 13. e4 Bxf4+ 14. Nxf4 Qc7 15. Qe3 0-0-0 16. exd5 exd5 17. Nd3 Nf5 18. Qf2 Rhe8 19. Ne5 f6 20. gxf6 gxf6 21. Nd3 Qb6 22. Nf4 Ne3 23. Rd3 Nc4 24. Nd1 Nb4 25. Rb3 Nxa2+ 26. Kb1 Nb4 27. c3 Nd3 28. Qc2 Qxb3 29. Qxb3 Nd2+ 30. Kc2 Nxb3 31. Nxd3 Na5 32. Rg1 Re2+ 33. Kc1 Nb3+ 34. Kb1 Nd2+ 35. Kc1 Nxf3 36. Rf1 Nxh4 37. Rxf6 Ng2 38. Ne5 h4 39. Rh6 Rf8 40. Ng6 Rf1 41. Rh8+ Kc7 42. Rh7+ Kb6 0-1